Sportifs Belges masculins-Mort subite - Statistiques

Statistiques générales
  • Ce quiz a été pris 70 fois
  • Le résultat moyen est 22 sur 40
Answers on the Grid
Answers color-coded by a green-red scale on the quiz's grid according to % correct below.
Eden Hazard
Kevin De Bruyne
Romelu Lukaku
Thibaut Courtois
Vincent Kompany
Axel Witsel
Dries Mertens
Jan Vertonghen
Toby Alderweireld
Youri Tielemans
David Goffin
Steve Darcis
Eddy Merckx
Wout Van Aert
Remco Evenepoel
Philippe Gilbert
Tom Boonen
Greg Van Avermaet
Jasper Philipsen
Tim Merlier
Jasper Stuyven
Dylan Teuns
Arthur Van Doren
Thierry Neuville
Stoffel Vandoorne
Jonathan Borlée
Kevin Borlée
Dylan Borlée
Alexander Doom
Marouane Fellaini
Thomas De Gendt
Victor Campenaerts
Florent Van Aubel
Félix Denayer
Stijn Desmet
Sam Maes
Armand Marchant
Thierry Langer
Florent Claude
Bart Swings
Wesley Sneijder
Dylan Van Baarle
Sven Kramer
Koen Verweij
Leon Draisaitl
Marcel Kittel
Lucas Digne
Martin Fourcade
Kevin Fiala
Roman Josi
Didier Défago
Marcus Hellner
Kevin Volland
Mario Frick
 
Statistiques - réponses
Réponse % Correct
Kevin De Bruyne
93%
Eden Hazard
92%
Thibaut Courtois
88%
Axel Witsel
83%
Romelu Lukaku
83%
Youri Tielemans
81%
Dries Mertens
76%
Eddy Merckx
76%
Vincent Kompany
76%
Wout Van Aert
76%
Remco Evenepoel
75%
Toby Alderweireld
71%
David Goffin
69%
Jan Vertonghen
69%
Marouane Fellaini
66%
Greg Van Avermaet
63%
Thomas De Gendt
63%
Jonathan Borlée
59%
Philippe Gilbert
59%
Victor Campenaerts
59%
Kevin Borlée
56%
Dylan Borlée
54%
Jasper Philipsen
53%
Tom Boonen
51%
Dylan Teuns
47%
Jasper Stuyven
44%
Thierry Neuville
44%
Félix Denayer
42%
Tim Merlier
42%
Steve Darcis
37%
Sam Maes
36%
Stoffel Vandoorne
32%
Armand Marchant
25%
Arthur Van Doren
25%
Florent Claude
25%
Stijn Desmet
24%
Alexander Doom
22%
Florent Van Aubel
19%
Thierry Langer
17%
Bart Swings
12%
Aucun quiz correspondant
Distribution des résultats
% des personnes avec chaque résultat
Percentile par nombre de réponses
Votre historique - résultats
Vous n’avez pas pris ce quiz